| 000 | 00548nam a2200217Ia 4500 | ||
|---|---|---|---|
| 999 |
_c4671 _d4671 |
||
| 003 | 0100 | ||
| 008 | 130227s9999 xx 000 0 und d | ||
| 040 | _cARRUPELIB | ||
| 050 | _aDT779.95.D56A36 | ||
| 100 |
_aDingake, Michael _939814 |
||
| 245 | _aMy fight against apartheid / | ||
| 260 |
_aLondon _bKliptown Books _c1987 |
||
| 300 | _a241p. | ||
| 300 | _b 23 cm | ||
| 650 |
_aDingake, Michael _939814 |
||
| 650 |
_aApartheid _zSouth Africa _939815 |
||
| 650 |
_aBlacks _xSocial conditions _zSouth Africa _939816 |
||
| 650 |
_aAfrican National Congress _939462 |
||
| 942 |
_2lcc _cMONOGRAPH |
||